00620nam a2200169 i 450000100060000000300090000600500170001500700030003200800410003510000280007624500870010426000540019130000300024585200320027599900170030795201260032487436ES-MaACL20230906175655.0t|041221s1959 sp ||||1| ger d1 aKucera, Enrique.96894510aLeert Spaans Met Mif b: libro de turista holandés español / cEnrique Kucera. aBarcelona : bEnrique Kucera, c[1959] (fCondal) a144 p. : bil. ; c14 cm. aES-MaACLjC-18157 bR.44296 c87436d87436 00104070aATENEOMbATENEOMcGaleríad2008-01-17eSCl0oC-18157p1091347r2023-02-23 00:00:00w2023-02-23yMONOGRAFIA